LEADER 01387nam 2200325z- 450 001 9910694402703321 005 20080905091504.0 035 $a(CKB)5470000001380823 035 $a(BIP)023941183 035 $a(EXLCZ)995470000001380823 100 $a20220308c2008uuuu -u- - 101 0 $aeng 200 10$aMoving beyond the first five years $ehow the Transportation Security Administration (TSA) will continue to enhance security for all modes of transportation : hearing before the Subcommittee on Transportation Security and Infrastructure Protection of the Committee on Homeland Security, House of Representatives, One Hundred Tenth Congress, second session, April 15, 2008 215 $a1 online resource (iii, 78 p.) 311 $a0-16-081436-7 517 $aMoving beyond the first five years 606 $aNational security$zUnited States 606 $aAeronautics, Commercial$xSecurity measures$zUnited States 606 $aTransportation$xSecurity measures$zUnited States 610 $aNational security 610 $aAeronautics, commercial 610 $aUnited States 610 $aPolitical science 615 0$aNational security 615 0$aAeronautics, Commercial$xSecurity measures 615 0$aTransportation$xSecurity measures 906 $aBOOK 912 $a9910694402703321 996 $aMoving beyond the first five years$93197324 997 $aUNINA